| Tag |
First Indicator |
Second Indicator |
Subfields |
| LEADER |
00000cam a2200000 4500 |
| 001 |
in00000662621 |
| 005 |
20151015085332.0 |
| 008 |
801003r18561856miuc a 00010beng d |
| 035 |
|
|
|a (OCoLC)06782802
|
| 035 |
|
|
|9 ACY2955AM
|
| 040 |
|
|
|a EEU
|c TXA
|d UtOrBLW
|
| 049 |
|
|
|a TXAI
|
| 090 |
|
|
|a E340.W53
|b S4
|
| 099 |
|
|
|a film
|a B
|a 1512
|a reel
|a 316.5
|
| 100 |
1 |
|
|a Scott, Nancy N.
|
| 245 |
1 |
2 |
|a A memoir of Hugh Lawson White :
|b judge of the Supreme court of Tennessee, member of the Senate of the United States, etc., etc. With selections from his speeches and correspondence /
|c Ed. by Nancy N. Scott.
|
| 264 |
|
1 |
|a Philadelphia :
|b J. B. Lippincott & Co.,
|c 1856.
|
| 300 |
|
|
|a x, 455 pages including frontispiece (port.) ;
|c 23 cm.
|
| 336 |
|
|
|a text
|b txt
|2 rdacontent
|
| 337 |
|
|
|a microform
|b h
|2 rdamedia
|
| 338 |
|
|
|a microfilm reel
|b hd
|2 rdacarrier
|
| 500 |
|
|
|a Microfilm. Ann Arbor, Mich., University Microfilms [n.d.] (American culture series, Reel 316.5)
|
| 500 |
|
|
|a Microform.
|
| 600 |
1 |
0 |
|a White, Hugh Lawson,
|d 1773-1840.
|
| 999 |
|
|
|a MARS
|
| 999 |
f |
f |
|s d9adb2f2-b3d9-3f60-b46a-55cbac5c1113
|i 8fbbe9b1-ff31-3b92-9b89-f2a657f6c861
|t 0
|
| 952 |
f |
f |
|p default
|a Texas A&M University
|b College Station
|c Sterling C. Evans Library
|d Evans: Microforms (3rd floor)
|t 0
|e film B 1512 reel 316.5
|h Other scheme
|i microform -- microfilm reel
|
| 998 |
f |
f |
|a film B 1512 reel 316.5
|t 0
|l Evans: Microforms (3rd floor)
|